| 000 | 00484nam a22001812 4500 | ||
|---|---|---|---|
| 001 | 0000000520 | ||
| 005 | 20151217155803.0 | ||
| 008 | 070207s xx 000 0 eng d | ||
| 040 |
_aKABU _cKABU |
||
| 050 | 0 |
_aDT434 _b.U5K57 |
|
| 100 | 1 |
_aKirkman, James. _@0000148736 |
|
| 245 | 1 | 0 |
_aUgwana on the Tana / _cJames Kirkman. |
| 260 |
_aHague : _bMoulton, _c1966. |
||
| 300 | _a128 p. | ||
| 908 | _a070207 | ||
| 950 | _@1 | ||
| 999 |
_c12377 _d12377 |
||